[Event "Regular Quad, S40469"]
[Site "CCLA"]
[Date "2014.12.29"]
[Round "?"]
[White "Stevenson, Wayne"]
[Black "Martindale, Roger"]
[Result "1-0"]
[WhiteElo "1540"]
[BlackElo "1209"]

1. d4 e6 2. c4 Nf6 3. Nc3 a6 4. Nf3 d5 5. e3 b6 6. e4 h6 7. exd5 Bb4 8. 
Qa4+ Bd7 9. Qxb4 a5 10. Qa3 exd5 11. Bd3 Na6 12. Ne5 Nb4 13. Qb3 Nxd3+ 14.
 Nxd3 Bf5 15. Ne5 Qd6 16. Nb5 Qb4+ 17. Qxb4 axb4 18. Nxc7+ Kd8 19. Nxa8 
dxc4 20. Nxb6 Be6 21. O-O Nd5 22. Nc6+ Kc7 23. Nxd5+ Bxd5 24. Nxb4 Be6 25.
 Bf4+ Kb6 26. d5 Bf5 27. Be3+ Kb5 28. a3 Ka4 29. Rfc1 Rc8 30. Nc6 Bd3 31. 
Rc3 f5 32. b3+ Kb5 33. Na7+ 1-0

[Event "Herbert W. Gustafson Memorial Open, S47029"]
[Site "CCLA"]
[Date "2014.10.27"]
[Round "?"]
[White "Vlasov, Andrey"]
[Black "Caliguire, John J."]
[Result "1/2-1/2"]
[WhiteElo "2226"]
[BlackElo "2233"]

1. d4 Nf6 2. c4 e6 3. Nf3 Bb4+ 4. Nbd2 b6 5. a3 Bxd2+ 6. Qxd2 Bb7 7. e3 
O-O 8. Be2 a5 9. b3 d6 10. O-O Nbd7 11. Bb2 Ne4 12. Qc2 f5 13. Rad1 Qf6 
14. d5 e5 15. Nd2 Nxd2 16. Rxd2 f4 17. exf4 Qxf4 18. Bc1 Bc8 19. Bd3 Qh4 
20. f4 a4 21. b4 Rxf4 22. Rxf4 exf4 23. Rf2 Ne5 24. Rxf4 Bg4 25. Bf1 Qh5 
26. h3 Bd1 27. Qf2 Bb3 28. Bb2 Qd1 29. Kh2 Qc2 30. Bxe5 dxe5 31. Qxc2 Bxc2
32. Rf2 Rf8 33. Rxc2 Rxf1 34. c5 bxc5 35. Rxc5 Rd1 36. Kg3 Rd3+ 37. Kg4 
Rxa3 38. Kf5 e4 39. Kxe4 Ra1 40. Rxc7 a3 41. d6 a2 42. d7 Re1+ 43. Kf3 
Rf1+ 44. Kg3 Rd1 45. Ra7 Rxd7 46. Rxa2 Rd3+ 47. Kf2 Rb3 48. Ra8+ Kf7 49. 
Rb8 g6 50. Rb7+ Ke6 51. b5 Ke5 52. b6 Kd6 53. h4 Ke6 54. h5 Kf5 55. Rf7+ 
Ke6 56. Rxh7 Rxb6 57. h6 g5 58. Ra7 Kf5 59. h7 Rh6 60. Kf3 Kg6 61. g4 Rxh7
62. Ra6+ Kg7 63. Ke4 Rh6 64. Ra5 Rb6 65. Kf5 1/2-1/2

[Event "Regular Quad, S40429"]
[Site "CCLA"]
[Date "2014.12.12"]
[Round "?"]
[White "Stevenson, Wayne"]
[Black "Klimushyn, Charles"]
[Result "0-1"]
[WhiteElo "1540"]
[BlackElo "1648"]

1. d4 Nf6 2. c4 e6 3. Nf3 Bb4+ 4. Nbd2 b6 5. a3 Bxd2+ 6. Bxd2 h6 7. e3 Bb7
8. Bd3 d6 9. Qc2 c5 10. dxc5 bxc5 11. O-O Nbd7 12. e4 O-O 13. Rab1 Nb6 14.
 b4 Nfd7 15. a4 a6 16. bxc5 Nxc5 17. Be2 a5 18. Rfd1 Bxe4 19. Qc3 Bxb1 20.
 Rxb1 Nbxa4 21. Qc2 Qc7 22. Nd4 Nb6 23. Nb5 Qd7 24. Rd1 d5 25. cxd5 Qc8 
26. Rc1 Nb7 27. Qb2 Qd8 28. Bxh6 f6 29. dxe6 gxh6 30. Rc7 Qd5 31. Qc2 f5 
32. Qb2 Nd7 33. Rxd7 Qxd7 34. exd7 Nc5 35. Qd4 Ne4 36. Bc4+ Kh7 37. Nc7 
Rab8 38. h3 Nf6 39. Qxf6 Rxf6 0-1

[Event "Regular Quad, S40299"]
[Site "CCLA"]
[Date "2014.09.15"]
[Round "?"]
[White "Blankenship, Jerry T."]
[Black "Leber, David"]
[Result "1-0"]
[WhiteElo "1599"]
[BlackElo "1375"]

1. d4 Nf6 2. c4 e6 3. Nf3 Bb4+ 4. Bd2 Nc6 5. Bxb4 Nxb4 6. Nc3 O-O 7. e4 c6
8. a3 Na6 9. Be2 d5 10. Qc2 Re8 11. e5 Ng4 12. h3 Nh6 13. cxd5 cxd5 14. 
O-O Nf5 15. Nb5 Bd7 16. g4 Rc8 17. Qb3 Ra8 18. gxf5 Bc6 19. Nd6 Re7 20. 
fxe6 fxe6 21. Kh2 Nc7 22. Qc2 Ne8 23. Ng5 g6 24. Nxh7 Rxh7 25. Qxg6+ Ng7 
26. Rg1 Qh4 27. Qxe6+ 1-0

[Event "Premier Quad, S40369"]
[Site "CCLA"]
[Date "2014.11.03"]
[Round "?"]
[White "Sereni, Vincent T."]
[Black "Disque, Philip"]
[Result "1-0"]
[WhiteElo "2118"]
[BlackElo "1669"]

1. d4 Nf6 2. Nf3 e6 3. c4 Bb4+ 4. Bd2 Qe7 5. e3 b6 6. Bd3 Bb7 7. O-O Bxd2 
8. Nfxd2 d6 9. Qa4+ Bc6 10. Qc2 O-O 11. Nc3 a6 12. Rad1 Rc8 13. e4 Nbd7 
14. Rfe1 Nf8 15. d5 Bb7 16. dxe6 fxe6 17. e5 Nh5 18. exd6 cxd6 19. Be4 Ra7
20. Bxb7 Rxb7 21. Qa4 Ra7 22. Qb4 Qc7 23. Nde4 Qxc4 24. Qxb6 Rd7 25. Nxd6 
Qc5 26. Nxc8 Rxd1 27. Rxd1 Qg5 28. Qxa6 Nf4 29. Qb7 h5 30. g3 Nh3+ 31. Kg2
Nf4+ 32. Kf1 Nh3 33. Nd6 Ng6 34. Nce4 Qg4 35. Qf7+ Kh8 36. f3 1-0

[Event "2014 Server Championship, S40029"]
[Site "CCLA"]
[Date "2014.01.27"]
[Round "?"]
[White "Shnaiderman, Lazar"]
[Black "Lewis, James W."]
[Result "0-1"]
[WhiteElo "2026"]
[BlackElo "2098"]

1. d4 Nf6 2. c4 e6 3. Nf3 Bb4+ 4. Bd2 Qe7 5. g3 Nc6 6. Bg2 Bxd2+ 7. Nbxd2 
d6 8. Nf1 e5 9. Ne3 O-O 10. O-O Re8 11. Rc1 a5 12. Re1 h6 13. Nd5 Qd8 14. 
dxe5 dxe5 15. Nd2 Bg4 16. h3 Bc8 17. Qa4 Bd7 18. Qa3 Nxd5 19. cxd5 Nd4 20.
 e3 Nb5 21. Qd3 Nd6 22. Qc3 Nb5 23. Qc5 a4 24. Be4 Nd6 25. Qxc7 Bxh3 26. 
Qxd8 Raxd8 27. Bd3 e4 28. Bf1 Bxf1 29. Kxf1 Re5 30. Nb1 Rxd5 31. Nc3 Ra5 
32. Red1 Raa8 33. a3 f5 34. Rd4 b5 35. Rcd1 Nf7 36. Rxd8+ Rxd8 37. Rxd8+ 
Nxd8 38. Nxb5 Ne6 39. Nc3 Nc5 40. Ke2 Kf7 41. f3 exf3+ 42. Kxf3 g6 43. e4 
fxe4+ 44. Nxe4 Nxe4 45. Kxe4 Ke6 0-1

[Event "Summer Server Series, S40071"]
[Site "CCLA"]
[Date "2014.07.28"]
[Round "?"]
[White "Avery, Bryce"]
[Black "Evans, Stanley W."]
[Result "0-1"]
[WhiteElo "1663"]
[BlackElo "1787"]

1. d4 Nf6 2. c4 Nc6 3. Nf3 e6 4. g3 Bb4+ 5. Bd2 Qe7 6. Bg2 Bxd2+ 7. Nbxd2 
d6 8. O-O a5 9. e4 e5 10. d5 Nb8 11. Qc2 Na6 12. a3 O-O 13. Ne1 Nc5 14. 
Nd3 Nxd3 15. Qxd3 a4 16. b4 axb3 17. Nxb3 b6 18. a4 Bd7 19. a5 bxa5 20. 
Nxa5 Rfb8 21. Rfb1 Rxb1+ 22. Qxb1 Ne8 23. Qb7 Qd8 24. Qb2 Ra6 25. Qc3 Qa8 
26. c5 dxc5 27. Qxc5 Qa7 28. Qxa7 Rxa7 29. Nb3 Rxa1+ 30. Nxa1 Ba4 31. Bf1 
Nd6 32. Bd3 c5 33. f3 c4 34. Bc2 Bb5 35. Kf2 g5 36. Ke3 Kf8 37. Kd2 Ke7 
38. Kc3 f6 39. Bb1 Ba4 40. Nc2 Bb3 41. Ne3 h5 42. h3 Nb5+ 43. Kb4 Nd4 44. 
Nxc4 Bxc4 45. Kxc4 Nxf3 46. Kc5 h4 47. gxh4 gxh4 48. Kc6 Kd8 49. Bd3 Ng5 
50. Kd6 Nxh3 51. Bf1 Nf4 52. Kc6 h3 53. Bxh3 Nxh3 54. d6 Nf2 55. Kd5 Kd7 
0-1

[Event "2nd TCCL Friendly Server Tournament, 2ndTCCL"]
[Site "CCLA"]
[Date "2014.06.15"]
[Round "?"]
[White "Buganza, Nathan J."]
[Black "Lines, Daniel"]
[Result "0-1"]
[WhiteElo "1427"]
[BlackElo "1589"]

1. d4 Nf6 2. c4 e6 3. Nf3 b6 4. Bf4 Bb7 5. e3 Be7 6. Nc3 Nh5 7. Bg3 d6 8. 
Bd3 Nd7 9. O-O g6 10. h3 Nxg3 11. fxg3 O-O 12. Rc1 Bf6 13. Rc2 Bg7 14. 
Rcf2 Qe7 15. Kh2 a6 16. Qe2 Rae8 17. Bb1 c6 18. a3 f5 19. e4 c5 20. exf5 
exf5 21. Qxe7 Rxe7 22. dxc5 bxc5 23. Rd1 Bxc3 24. bxc3 Rf6 25. Rfd2 Re3 
26. Ng1 Kf8 27. Rxd6 Rxd6 28. Rxd6 Ke7 29. Rd3 Re1 30. Ba2 Rc1 31. Nf3 
Bxf3 32. Rxf3 Ne5 33. Re3 Kf6 34. Bb3 a5 35. Ba4 Nxc4 36. Re8 Nxa3 37. 
Rf8+ Kg7 38. Ra8 Rxc3 0-1

[Event "Premier Quad, S40389"]
[Site "CCLA"]
[Date "2014.11.24"]
[Round "?"]
[White "Pronovost, David"]
[Black "Catania, Duane"]
[Result "1-0"]
[WhiteElo "1799"]
[BlackElo "1774"]

1. c4 e6 2. Nf3 b6 3. d4 Bb7 4. Nc3 Nf6 5. a3 Be7 6. d5 O-O 7. e4 d6 8. 
Bd3 Nbd7 9. O-O Re8 10. Nd4 Bf8 11. Re1 e5 12. Nc2 Nc5 13. Ne3 Nxd3 14. 
Qxd3 Bc8 15. Nf5 Bxf5 16. exf5 h6 17. Re3 Qd7 18. Rg3 e4 19. Qd4 Qxf5 20. 
Bxh6 Re5 21. f4 exf3 22. Rxf3 Qg4 23. Bf4 Re7 24. Rg3 Qh4 25. Rf1 Rae8 26.
 Qd3 Re1 27. Bg5 Qh7 28. Bxf6 Qxd3 29. Rxd3 gxf6 30. Nb5 Rxf1+ 31. Kxf1 
Re7 32. Nxa7 Bh6 33. Rd1 Re4 34. b3 Re3 35. Rb1 Rc3 36. Nb5 Rc2 37. Re1 
Bf4 38. Re7 Bxh2 39. Rxc7 Bg3 40. Rc6 Rf2+ 41. Ke1 Rb2+ 42. Kd1 f5 43. 
Rxb6 Rxb3 44. a4 Rb4 45. c5 dxc5 46. a5 c4 47. d6 Kg7 48. d7 Bh4 49. Nd6 
1-0

[Event "NA Class D Server Championship, S40139"]
[Site "CCLA"]
[Date "2014.04.30"]
[Round "?"]
[White "Hodgkins, Neil C."]
[Black "Anderson, Lawrence D."]
[Result "1/2-1/2"]
[WhiteElo "1419"]
[BlackElo "1365"]

1. d4 Nf6 2. c4 e6 3. Nf3 b6 4. Bg5 Bb7 5. Nbd2 Be7 6. e3 O-O 7. Be2 d6 8.
 O-O Nbd7 9. Re1 c5 10. Nb3 Rc8 11. Rc1 Be4 12. Bd3 Bxd3 13. Qxd3 d5 14. 
cxd5 exd5 15. Ne5 Nxe5 16. dxe5 c4 17. Qd1 cxb3 18. Qxb3 Ne4 19. Bxe7 Qxe7
20. Qxd5 Rxc1 21. Rxc1 Nc5 22. f4 Rd8 23. Qf3 Ne6 24. a3 Nc5 25. b4 Nb3 
26. Rc2 Nd2 27. Qe2 Qd7 28. h3 Ne4 29. Rc4 Ng3 30. Qe1 Nf5 31. e4 Nd4 32. 
Qd1 g6 33. Kh2 Ne6 34. Qxd7 Rxd7 35. f5 Nc7 36. h4 Ne8 37. g3 Kf8 38. h5 
Nc7 39. Rc6 Rd2+ 40. Kh3 Rd7 41. Kh4 Nb5 42. a4 Nd4 43. Rc3 gxf5 44. exf5 
Nxf5+ 45. Kg4 Nh6+ 46. Kg5 Kg7 47. Rc6 Re7 48. Kf4 Re6 49. b5 Ng8 50. Rc7 
Re7 51. Rc4 h6 52. Kf5 Rb7 53. Rg4+ Kh7 54. Rd4 Re7 55. Rd6 Kg7 56. g4 Kh7
57. Rd5 Kg7 1/2-1/2

[Event "Premier Quad, S40339"]
[Site "CCLA"]
[Date "2014.10.13"]
[Round "?"]
[White "Smail, John"]
[Black "Laven, George"]
[Result "0-1"]
[WhiteElo "1836"]
[BlackElo "1834"]

1. d4 Nf6 2. Nf3 e6 3. e3 b6 4. c4 Bb7 5. Bd3 d5 6. O-O Bd6 7. b3 O-O 8. 
Bb2 Nbd7 9. Ne5 dxc4 10. bxc4 Bxe5 11. dxe5 Ne4 12. Qe2 Qh4 13. Nd2 Nxd2 
14. Qxd2 Nc5 15. Bc2 Qxc4 16. Rac1 Qxa2 17. Bd4 Qd5 18. f3 Qd7 19. Qc3 Qe7
20. Bxc5 bxc5 21. Bb1 a5 22. Qxc5 Qxc5 23. Rxc5 a4 24. Rxc7 Bd5 25. Rc2 
Bb3 26. Rb2 Bc4 27. Rc1 a3 0-1

[Event "Herbert W. Gustafson Memorial Open, S47049"]
[Site "CCLA"]
[Date "2014.10.27"]
[Round "?"]
[White "Sereni, Vincent T."]
[Black "Weiss, Lester P."]
[Result "1-0"]
[WhiteElo "2118"]
[BlackElo "2131"]

1. d4 Nf6 2. Nf3 e6 3. e3 b6 4. Bd3 Bb7 5. c4 d5 6. O-O Bd6 7. Nc3 O-O 8. 
b3 Nbd7 9. Nb5 Be7 10. Bb2 a6 11. Nc3 Bd6 12. Rc1 dxc4 13. bxc4 e5 14. Bc2
exd4 15. exd4 Re8 16. Qd3 c5 17. d5 b5 18. cxb5 axb5 19. Nxb5 Bf4 20. Rce1
Bxd5 21. Rxe8+ Qxe8 22. Re1 Qc8 23. Bxf6 Nxf6 24. Nc3 Bc6 25. Qc4 Qc7 26. 
Ne4 Bxe4 27. Bxe4 Nxe4 28. Qxe4 Rf8 29. g3 Bd6 30. Nd2 Rd8 31. Nc4 Bf8 32.
 a4 Rd4 33. Qc2 Qd7 34. a5 Qb5 35. Rc1 Qa6 36. Qb3 Qe6 37. Qb5 Qd5 38. a6 
Rd1+ 39. Rxd1 Qxd1+ 40. Kg2 Qd5+ 41. f3 1-0

[Event " NA Class A Server Championship, S40109"]
[Site "CCLA"]
[Date "2014.04.30"]
[Round "?"]
[White "Vecchio, Ralph"]
[Black "Bapple, Edward C."]
[Result "1/2-1/2"]
[WhiteElo "1815"]
[BlackElo "1979"]

1. d4 Nf6 2. c4 e6 3. Nf3 b6 4. e3 Bb7 5. Bd3 Be7 6. O-O O-O 7. b3 d5 8. 
Bb2 c5 9. cxd5 Nxd5 10. Nbd2 Nd7 11. a3 Rc8 12. Qe2 cxd4 13. Nxd4 Nc5 14. 
Bc4 a6 15. a4 Qd7 16. N2f3 Bf6 17. Rfd1 Ne4 18. Qc2 Nd6 19. Ba3 Rfd8 20. 
Rac1 b5 21. axb5 Nxb5 22. Bb2 Qe7 23. Qe2 Qe8 24. Nxb5 Bxb2 25. Nd6 Rxd6 
26. Qxb2 Rcd8 27. e4 Ne7 28. Rxd6 Rxd6 29. e5 Rd8 30. Qe2 Ng6 31. Bxa6 
Bxf3 32. Qxf3 Nxe5 33. Qe4 Ng6 34. g3 h6 35. b4 Qa4 36. Be2 Qa2 37. b5 Rd2
38. Kf1 Rb2 39. Rc8+ Kh7 40. h4 Qa1+ 41. Kg2 Qe1 42. h5 Qxe2 43. hxg6+ 
fxg6 44. Qxe2 Rxe2 45. b6 Rb2 46. Rc6 e5 47. Re6 e4 48. Kf1 h5 49. Rxe4 
Rxb6 50. Rh4 Kh6 51. f4 g5 52. fxg5+ Kxg5 53. Kg2 g6 54. Kh3 1/2-1/2

[Event " NA Class A Server Championship, S40109"]
[Site "CCLA"]
[Date "2014.04.30"]
[Round "?"]
[White "Sereni, Vincent T."]
[Black "Vecchio, Ralph"]
[Result "1-0"]
[WhiteElo "2118"]
[BlackElo "1815"]

1. d4 Nf6 2. Nf3 e6 3. c4 b6 4. g3 c5 5. d5 Ba6 6. dxe6 fxe6 7. Qa4 Bb7 8.
 Bg2 Be7 9. O-O Nc6 10. Rd1 O-O 11. Bf4 Nh5 12. Bc1 Bf6 13. Nc3 a6 14. Qc2
Qc7 15. Qd3 Nd4 16. Ne4 Be7 17. Nxd4 cxd4 18. Qxd4 Rad8 19. Be3 Bxe4 20. 
Qxe4 Nf6 21. Qf4 e5 22. Qh4 Kh8 23. Rac1 d6 24. Qh3 Rb8 25. Qe6 Rfe8 26. 
b3 Bf8 27. Qh3 Qc8 28. Qxc8 Rexc8 29. Bd2 g6 30. Bb4 Ne8 31. e3 a5 32. Ba3
Rd8 33. Rd3 Nf6 34. Rcd1 e4 35. Rd4 Re8 36. Bxd6 Bxd6 37. Rxd6 Kg7 38. Rc6
Red8 39. Rxd8 Rxd8 40. Rxb6 Rd1+ 41. Bf1 Ng4 42. Ra6 Nxh2 43. Kxh2 Rxf1 
44. Kg2 Rd1 45. Rxa5 Kf6 46. b4 Ke6 47. a4 Rc1 48. Ra6+ 1-0

[Event "Continuous Server Series, S40159"]
[Site "CCLA"]
[Date "2014.05.19"]
[Round "?"]
[White "Ritzmann, Andrew M."]
[Black "Kline, John T."]
[Result "0-1"]
[WhiteElo "1381"]
[BlackElo "1569"]

1. d4 Nf6 2. c4 e6 3. Nf3 b6 4. g3 Ba6 5. e3 d5 6. Ne5 Bd6 7. Bg2 O-O 8. 
O-O c5 9. Nc3 Nbd7 10. Nxd7 Qxd7 11. b3 Rad8 12. Qf3 dxc4 13. Qe2 cxd4 14.
 exd4 Bb4 15. Ne4 Nxe4 16. Qxe4 cxb3 17. Rd1 Bc3 18. Ba3 Bxa1 19. Rxa1 
Qxd4 20. Qxd4 Rxd4 21. Bxf8 b2 22. Rb1 Kxf8 23. Bf1 Bxf1 24. Kxf1 Rd2 25. 
Ke1 Rc2 26. Kd1 Rxf2 27. h4 Ke7 28. a3 Rf1+ 29. Kc2 Rxb1 30. Kxb1 Kf6 31. 
Kxb2 Kf5 32. Kc3 Kg4 33. Kb4 e5 34. Kb5 e4 35. a4 e3 36. Ka6 e2 37. Kxa7 
e1=Q 38. Kxb6 Qb4+ 39. Kc6 Qxa4+ 40. Kd6 Qe4 41. h5 Kf5 42. g4+ Kxg4 43. 
h6 g6 44. Kc5 Kf5 45. Kd6 Qe5+ 46. Kc6 Ke6 47. Kb6 Qc3 48. Kb7 Kd6 49. Kb6
Qc5+ 50. Kb7 Qc6+ 51. Ka7 Qb5 52. Ka8 Kc7 53. Ka7 Qb7# 0-1

[Event "NA Master/Expert Server Championship, S40099"]
[Site "CCLA"]
[Date "2014.04.30"]
[Round "?"]
[White "Reinhart, Kenneth M."]
[Black "McLaughlin, James"]
[Result "1-0"]
[WhiteElo "2399"]
[BlackElo "2046"]

1. d4 Nf6 2. c4 e6 3. Nf3 b6 4. g3 Ba6 5. Nbd2 d5 6. Bg2 Be7 7. O-O O-O 8.
 Ne5 c5 9. Nb3 Bb7 10. dxc5 bxc5 11. Bg5 Na6 12. Qd2 Qc7 13. Bxf6 Bxf6 14.
 Ng4 dxc4 15. Nxf6+ gxf6 16. Na5 Bxg2 17. Kxg2 Rfd8 18. Qc3 Nb4 19. Nxc4 
Qb7+ 20. Qf3 Qxf3+ 21. Kxf3 Rab8 22. Rfc1 Kg7 23. b3 Kg6 24. Rc3 h5 25. a3
Nc6 26. e3 Rd5 27. Ke2 Ne5 28. Rd1 Nxc4 29. Rxd5 exd5 30. bxc4 Rb2+ 31. 
Kf3 dxc4 32. Rxc4 Rb3 33. Ra4 Rb7 34. g4 1-0

[Event "Winter Server Series, S40011"]
[Site "CCLA"]
[Date "2014.01.27"]
[Round "?"]
[White "Shnaiderman, Lazar"]
[Black "Branton, Gary"]
[Result "1/2-1/2"]
[WhiteElo "2026"]
[BlackElo "1856"]

1. d4 Nf6 2. c4 e6 3. Nf3 b6 4. g3 Ba6 5. Qa4 Bb7 6. Bg2 c5 7. O-O cxd4 8.
 Nxd4 Bxg2 9. Kxg2 Qc8 10. Nc3 Be7 11. Rd1 O-O 12. f3 Nc6 13. Nxc6 Qxc6 
14. Qxc6 dxc6 15. Bf4 Rad8 16. e4 Rxd1 17. Rxd1 Rd8 18. Rxd8+ 1/2-1/2

[Event " NA Class A Server Championship, S40109"]
[Site "CCLA"]
[Date "2014.04.30"]
[Round "?"]
[White "Vecchio, Ralph"]
[Black "Ramsden, Jim E."]
[Result "0-1"]
[WhiteElo "1815"]
[BlackElo "1836"]

1. d4 Nf6 2. c4 e6 3. Nf3 b6 4. g3 Ba6 5. b3 d5 6. cxd5 exd5 7. Bg2 Bd6 8.
 O-O O-O 9. Nc3 Re8 10. Re1 c6 11. Qc2 Bb4 12. Bb2 Ne4 13. a3 Bxc3 14. 
Bxc3 Nxc3 15. Qxc3 Rxe2 16. Rxe2 Bxe2 17. Re1 Bxf3 18. Bxf3 Qd7 19. Qe3 
Na6 20. Qe7 Qxe7 21. Rxe7 Kf8 22. Re1 Re8 23. Rc1 Nb8 24. b4 Ke7 25. Kf1 
Kd6 26. Be2 Nd7 27. a4 c5 28. dxc5+ bxc5 29. bxc5+ Nxc5 30. a5 Nb3 31. Bb5
Nxc1 32. Bxe8 f6 33. a6 d4 34. Bh5 Kc5 35. Ke1 Kc4 36. Kd1 Nb3 37. Bf7+ 
Kc3 0-1

[Event "Premier Quad, S40459"]
[Site "CCLA"]
[Date "2014.12.29"]
[Round "?"]
[White "Clancey, James"]
[Black "Catania, Duane"]
[Result "1-0"]
[WhiteElo "2053"]
[BlackElo "1774"]

1. c4 e6 2. Nf3 b6 3. g3 Bb7 4. Bg2 Nf6 5. d4 Nc6 6. O-O Be7 7. Nc3 O-O 8.
 Qc2 d6 9. e4 a6 10. Rd1 Qb8 11. e5 Ne8 12. Bf4 f5 13. Qe2 Nd8 14. d5 dxe5
15. Nxe5 Qc8 16. Nc6 Bxc6 17. dxc6 Nd6 18. Nd5 Rf7 19. Bxd6 Bf6 20. Bxc7 
exd5 21. Qe8+ 1-0

[Event "Continuous Server Series, S40059"]
[Site "CCLA"]
[Date "2014.02.19"]
[Round "?"]
[White "Jones, Scott C."]
[Black "Stroup, Jim"]
[Result "1/2-1/2"]
[WhiteElo "1274"]
[BlackElo "1768"]

1. d4 Nf6 2. c4 e6 3. Nc3 Bb4 4. Bd2 Bxc3 5. Bxc3 Nc6 6. e3 b6 7. Bd3 O-O 
8. Ne2 Bb7 9. O-O d6 10. b4 a5 11. a3 axb4 12. axb4 Rxa1 13. Qxa1 Qe7 14. 
Qb2 Ra8 15. Ra1 Rxa1+ 16. Qxa1 Nd8 17. h3 Be4 18. Bxe4 Nxe4 19. f3 Nxc3 
20. Qxc3 1/2-1/2

[Event "Regular Quad, S40469"]
[Site "CCLA"]
[Date "2014.12.29"]
[Round "?"]
[White "Stevenson, Wayne"]
[Black "Anderson, Lawrence D."]
[Result "1-0"]
[WhiteElo "1540"]
[BlackElo "1365"]

1. d4 Nf6 2. c4 e6 3. Nc3 Bb4 4. Bd2 O-O 5. a3 Bxc3 6. Bxc3 Ne4 7. Qc2 f5 
8. g3 b6 9. Bg2 Bb7 10. Bxe4 Bxe4 11. Qd2 Bxh1 12. f3 Bg2 13. Kf2 f4 14. 
Kxg2 Nc6 15. d5 e5 16. dxc6 d6 17. Qd5+ Kh8 18. Nh3 Rf6 19. gxf4 Qf8 20. 
Kf2 Qe7 21. Rg1 Rg8 22. fxe5 Re6 23. Ng5 Rg6 24. exd6 Qxd6 25. Nf7# 1-0

[Event "Premier Quad, S40279"]
[Site "CCLA"]
[Date "2014.09.12"]
[Round "?"]
[White "Silverman, Robert"]
[Black "Pronovost, David"]
[Result "1-0"]
[WhiteElo "1871"]
[BlackElo "1799"]

1. d4 Nf6 2. c4 e6 3. Nc3 Bb4 4. Bd2 O-O 5. f3 d5 6. e4 Bxc3 7. Bxc3 dxe4 
8. Be2 exf3 9. Nxf3 Nc6 10. Qd3 h6 11. O-O b6 12. Ne5 Bb7 13. Nxc6 Bxc6 
14. Rxf6 gxf6 15. d5 exd5 16. Qg3+ Kh8 17. Qh4 d4 18. Bxd4 Kg7 19. Qg4+ 
1-0

[Event "NA Class C Server Championship, S40129"]
[Site "CCLA"]
[Date "2014.04.30"]
[Round "?"]
[White "Miller, Allan A."]
[Black "Stroup, Jim"]
[Result "0-1"]
[WhiteElo "1563"]
[BlackElo "1768"]

1. d4 Nf6 2. c4 e6 3. Nc3 Bb4 4. a3 Bxc3+ 5. bxc3 c5 6. f3 Nc6 7. e3 b6 8.
 Nh3 Ba6 9. Qa4 Na5 10. Bd3 O-O 11. e4 d5 12. exd5 exd5 13. Qd1 Re8+ 14. 
Kf2 dxc4 15. Bc2 Nb3 16. Rb1 cxd4 17. Re1 Nxc1 18. Qxc1 d3 19. Rxe8+ Qxe8 
20. Bd1 Qe5 21. g3 Re8 22. Nf4 Qe1+ 23. Kg2 Bb7 24. Ba4 Re2+ 0-1

[Event "Herbert W. Gustafson Memorial Open, S47029"]
[Site "CCLA"]
[Date "2014.10.27"]
[Round "?"]
[White "Anderson, Aaron J."]
[Black "Vlasov, Andrey"]
[Result "1-0"]
[WhiteElo "2308"]
[BlackElo "2226"]

1. c4 Nf6 2. Nc3 e6 3. d4 Bb4 4. a3 Bxc3+ 5. bxc3 b6 6. f3 Ba6 7. e4 Nc6 
8. e5 Ng8 9. Nh3 Na5 10. Qa4 f6 11. Bd3 Qe7 12. Ra2 fxe5 13. O-O exd4 14. 
cxd4 c6 15. Rb2 Nf6 16. Bd2 Qd8 17. Re1 O-O 18. Bxa5 bxa5 19. Re5 d5 20. 
Nf4 Nd7 21. Nxe6 Qh4 22. g3 Qh6 23. Re1 Nb6 24. Qxa5 Rxf3 25. Qxa6 Rxd3 
26. Nf4 Rxd4 27. Rxb6 Rxc4 28. Rb7 Rf8 29. Qxa7 Rc2 30. h4 Rc3 31. Nh5 1-0

[Event "Herbert W. Gustafson Memorial, S47159"]
[Site "CCLA"]
[Date "2014.10.27"]
[Round "?"]
[White "Cangelosi, Dominic"]
[Black "Leber, David"]
[Result "1-0"]
[WhiteElo "1415"]
[BlackElo "1375"]

1. d4 Nf6 2. c4 e6 3. Nc3 Bb4 4. a3 Bxc3+ 5. bxc3 d5 6. Bg5 c5 7. dxc5 
dxc4 8. Qxd8+ Kxd8 9. e3 Nd7 10. Rd1 Ke7 11. Bxc4 Ne5 12. Ba2 Bd7 13. Ne2 
Rhd8 14. O-O Rac8 15. f4 Ng4 16. Bxf6+ Nxf6 17. h3 Rxc5 18. Rd4 Kf8 19. 
Rfd1 Rc7 20. Bb3 b6 21. g4 Ke7 22. g5 Nh5 23. Bc2 g6 24. Be4 Ng7 25. Bc2 
Rcc8 26. Ng3 Rxc3 27. Bb1 Rxe3 28. Kf2 Rxa3 29. Ne4 Nf5 30. R4d2 Rxh3 31. 
Kg2 Re3 32. Nf6 Bc6+ 33. Kh2 Rxd2+ 34. Rxd2 Rf3 35. Ng8+ Ke8 36. Nf6+ Ke7 
37. Ng8+ Ke8 38. Nf6+ Ke7 39. Ng8+ Kf8 40. Rd8+ Kg7 41. Bxf5 exf5 42. Nf6 
Be4 43. Rg8# 1-0

[Event "Herbert W. Gustafson Memorial Open, S47069"]
[Site "CCLA"]
[Date "2014.10.27"]
[Round "?"]
[White "Price, Brennan"]
[Black "Blake, Michael J."]
[Result "0-1"]
[WhiteElo "1852"]
[BlackElo "2008"]

1. d4 Nf6 2. c4 e6 3. Nc3 Bb4 4. f3 d5 5. a3 Bxc3+ 6. bxc3 c5 7. cxd5 Nxd5
8. dxc5 Qa5 9. e4 Nf6 10. Be3 O-O 11. Kf2 Nfd7 12. Rb1 Rd8 13. Qb3 Qc7 14.
 Rd1 Rf8 15. Qb4 Nc6 16. Qa4 b6 17. Bb5 Bb7 18. Bxc6 Bxc6 19. Qb4 bxc5 20.
 Bxc5 a5 21. Qd4 e5 22. Bd6 exd4 23. Bxc7 Rfc8 24. Bd6 dxc3 25. Ne2 c2 26.
 Rd4 Nb6 27. Rc1 Ba4 28. e5 Rc4 29. Rd2 Rac8 30. Nd4 g6 31. Ne2 Nd7 32. g3
Kg7 33. f4 f6 34. Nd4 fxe5 35. fxe5 Re8 36. e6 Nc5 37. Bxc5 Rxc5 38. Ke3 
Rec8 39. Ke4 Rc3 40. Rd3 Kf6 41. h4 Ke7 42. Ke3 R3c5 43. Kd2 Rd8 0-1

[Event "Regular Quad, S40309"]
[Site "CCLA"]
[Date "2014.09.15"]
[Round "?"]
[White "Miller, Allan A."]
[Black "Stroup, Jim"]
[Result "0-1"]
[WhiteElo "1563"]
[BlackElo "1768"]

1. d4 Nf6 2. c4 e6 3. Nc3 Bb4 4. e3 O-O 5. a3 Bxc3+ 6. bxc3 b6 7. Bd3 Bb7 
8. Nf3 Ne4 9. Bd2 d6 10. Qc2 f5 11. Ke2 Nc6 12. Rag1 Qf6 13. Be1 Ba6 14. 
Kd1 Na5 15. Bxe4 fxe4 16. Qxe4 Nxc4 17. h4 Nb2+ 18. Kd2 Bd3 19. Qg4 Bf5 
20. Qg5 Qf7 21. h5 Qd7 22. Nh4 Qa4 0-1

[Event "Regular Quad, S40309"]
[Site "CCLA"]
[Date "2014.09.15"]
[Round "?"]
[White "Miller, Allan A."]
[Black "Laven, George"]
[Result "0-1"]
[WhiteElo "1563"]
[BlackElo "1834"]

1. d4 Nf6 2. c4 e6 3. Nc3 Bb4 4. e3 O-O 5. a3 Bxc3+ 6. bxc3 c5 7. f3 Nc6 
8. Nh3 d5 9. cxd5 Nxd5 10. Bd2 e5 11. e4 Nxc3 12. Bxc3 exd4 13. Bb2 Bxh3 
14. gxh3 Qh4+ 15. Ke2 f5 16. Qb3+ Kh8 17. Re1 fxe4 18. Bg2 exf3+ 19. Bxf3 
Qxh3 20. Ref1 Rae8+ 21. Kd1 Ne5 22. Re1 Rxf3 0-1

[Event "Regular Quad, S40249"]
[Site "CCLA"]
[Date "2014.08.08"]
[Round "?"]
[White "Miller, Allan A."]
[Black "Eife, Gunter"]
[Result "1/2-1/2"]
[WhiteElo "1563"]
[BlackElo "1448"]

1. d4 Nf6 2. c4 e6 3. Nc3 Bb4 4. e3 O-O 5. a3 Bxc3+ 6. bxc3 c5 7. Nf3 d5 
8. Bd3 b6 9. O-O Ba6 10. cxd5 exd5 11. Bxa6 Nxa6 12. Ne5 Nd7 13. Qf3 Nxe5 
14. dxe5 Re8 15. Qg3 c4 16. e4 dxe4 17. Bh6 g6 18. Bg5 Qc7 19. Bf6 Nc5 20.
 f4 exf3 21. Rxf3 Nd7 22. Qh4 Nxf6 23. exf6 Qc5+ 24. Kf1 h5 25. Qf4 Kh7 
26. g4 hxg4 27. Qxg4 Re5 28. Qd7 Kg8 1/2-1/2

[Event "Continuous Server Series, S40069"]
[Site "CCLA"]
[Date "2014.03.03"]
[Round "?"]
[White "Miller, Allan A."]
[Black "Stroup, Jim"]
[Result "0-1"]
[WhiteElo "1563"]
[BlackElo "1768"]

1. d4 Nf6 2. c4 e6 3. Nc3 Bb4 4. e3 O-O 5. a3 Bxc3+ 6. bxc3 c5 7. Bd3 Nc6 
8. Nf3 d6 9. e4 e5 10. O-O cxd4 11. cxd4 Bg4 12. h3 Bxf3 13. gxf3 Nh5 14. 
f4 Nxf4 15. Bxf4 exf4 16. Be2 Qf6 17. d5 Ne5 18. f3 Qg6+ 0-1

[Event "Summer Server Series, S40071"]
[Site "CCLA"]
[Date "2014.07.28"]
[Round "?"]
[White "Avery, Bryce"]
[Black "Hadley, Douglas R."]
[Result "1-0"]
[WhiteElo "1663"]
[BlackElo "1576"]

1. d4 Nf6 2. c4 e6 3. Nc3 Bb4 4. Qc2 O-O 5. a3 Bxc3+ 6. Qxc3 Ne4 7. Qc2 f5
8. Nf3 b6 9. g3 Bb7 10. Bg2 Nf6 11. O-O Be4 12. Qc3 Qe8 13. Bg5 d6 14. Nd2
Bxg2 15. Kxg2 Nbd7 16. b4 Rc8 17. a4 c5 18. Bxf6 Rxf6 19. dxc5 dxc5 20. b5
Qh5 21. e4 Rh6 22. h4 fxe4 23. Nxe4 Rg6 24. Rh1 Rf8 25. a5 Ne5 26. axb6 
axb6 27. Ra7 Qf3+ 28. Qxf3 Nxf3 29. Rb7 e5 30. Nc3 Nd2 31. Nd5 Nxc4 32. 
Ne7+ Kf7 33. Nxg6+ Kxg6 34. Rc1 Nd6 35. Rxb6 Rf6 36. Rxc5 Kf5 37. Rcc6 Ne4
38. Rxf6+ Nxf6 39. Rxf6+ 1-0